000 00376nam a22001217a 4500
001 232388
003 ES-MaBCM
020 _a978-84-10432-36-9
040 _cES-MaBCM
245 _aTrumpismo y reconfiguración global :
_bEl tortuoso camino hacia un nuevo orden mundial
_cJosé Antonio Gurpegui Palacios
260 _aAlcalá de Henares
_bUniversidad de Alcalá
_c2026
942 _cBK
999 _c232388
_d232388